[Event "Gran Canaria Cabildo op"]
[Site "Gran Canaria"]
[Date "2013.01.21"]
[Round "4"]
[White "Ramirez Hernandez, Jose Isidro"]
[Black "Guerra, Raul"]
[Result "0-1"]
[WhiteElo "1422"]
[BlackElo "2211"]
[PlyCount "84"]
[EventDate "2013.01.10"]
[EventType "swiss"]
[EventRounds "7"]
[EventCountry "ESP"]
[SourceTitle "CBM 152 Extra"]
[Source "ChessBase"]
[SourceDate "2013.02.25"]
[SourceVersion "1"]
[SourceVersionDate "2013.02.25"]
[SourceQuality "1"]

1. e4 e6 2. f4 d5 3. exd5 exd5 4. Nf3 Nf6 5. c4 c6 6. cxd5 Nxd5 7. d4 Bf5 8. a3 Bd6 9. g3 0-0 10. Be2 Bh3 11. Nc3 Nxc3 12. bxc3 Re8 13. Kf2 Nd7 14. Rb1 b6 15. Re1 Nf6 16. Ng5 Bf5 17. Bd3 Rxe1 18. Kxe1 Bg6 19. Bxg6 hxg6 20. h3 Qe7+ 21. Kf2 Bxa3 22. Qb3 Bd6 23. Bd2 Ne4+ 24. Nxe4 Qxe4 25. Re1 Qd3 26. Qd1 a5 27. Re3 Qc4 28. Qb1 b5 29. Qd3 Qxd3 30. Rxd3 a4 31. d5 c5 32. c4 b4 33. Bc1 a3 34. Rd1 a2 35. Bb2 Kf8 36. Ra1 Be7 37. d6 Bf6 38. Bxf6 gxf6 39. Ke2 b3 40. d7 b2 41. Rxa2 Rxa2 42. d8Q+ Kg7 0-1